000 00609nam a2200229Ia 4500
003 IN-BaIIA
008 211028s9999 xx 000 0 eng d
040 _cIIA Library
080 _a52
_bNEW
100 _aNewcomb, Simon
_9920
245 0 _aAstronomy
_cSimon Newcomb and Edward S. Holden
250 _a2nd ed.
260 _aNew York
_bHenry Holt
_c1885
300 _ax, 352p.
490 _aAmerican science series
650 _aArchives
650 _aAstronomy
_980
650 _aAstronomy and Astrophysics thesaurus
650 _aAstrophysics
_9794
700 _aHolden, Edward S.
_91232
942 _cBK
999 _c547
_d547